Дайки и золотые руды березитовой формации; Проблемы геологии Сибири; Т. 2

Dades bibliogràfiques
Parent link:Проблемы геологии Сибири: тезисы докладов научных чтений, посвященных 100-летию со дня рождения профессора В. А. Хахлова,30 марта - 1 апреля 1994 г., г. Томск.— , 1994
Т. 2.— 1994.— С. 77-78
Autor principal: Кучеренко И. В. Игорь Васильевич
Sumari:В фонде НТБ ТПУ отсутствует
Idioma:rus
Publicat: 1994
Matèries:
Format: MixedMaterials Capítol de llibre
KOHA link:https://koha.lib.tpu.ru/cgi-bin/koha/opac-detail.pl?biblionumber=596875

MARC

LEADER 00000naa0a2200000 4500
001 596875
005 20250124160048.0
035 |a (RuTPU)RU\TPU\tpu\19927 
035 |a RU\TPU\tpu\17491 
090 |a 596875 
100 |a 20110902d1994 k||y0rusy50 ca 
101 0 |a rus 
102 |a RU 
200 1 |a Дайки и золотые руды березитовой формации  |f И. В. Кучеренко 
333 |a В фонде НТБ ТПУ отсутствует 
461 |t Проблемы геологии Сибири  |o тезисы докладов научных чтений, посвященных 100-летию со дня рождения профессора В. А. Хахлова,30 марта - 1 апреля 1994 г., г. Томск  |d 1994 
463 |t Т. 2  |v С. 77-78  |d 1994 
610 1 |a труды учёных ТПУ 
700 1 |a Кучеренко  |b И. В.  |c российский геолог  |c профессор Томского политехнического университета, доктор геолого-минералогических наук  |f 1937-  |g Игорь Васильевич  |3 (RuTPU)RU\TPU\pers\13904 
801 1 |a RU  |b 63413507  |c 20090820 
801 2 |a RU  |b 63413507  |c 20120912  |g RCR 
942 |c BK